keeper of the lost cities characters - Statistics

General Stats
  • This quiz has been taken 585 times
  • The average score is 10 of 17
Answer Stats
Hint Answer % Correct
1 sophie foster
99%
2 fitz vacker
96%
4 biana vacker
93%
3 keefe sencen
86%
5 alden vacker
76%
6 dex diznee
66%
7 grady ruewen
64%
8 edaline ruewen
63%
11 della vacker
61%
10 tam song
59%
13 linh song
58%
16 alvar vacker
48%
15 marella redek
43%
9 wylie endal
35%
14 lady gisela
32%
17 sandor
17%
12 iggy
9%
No matching quizzes found
Score Distribution
Percent of People with Each Score
Percentile by Number Answered
Your Score History
You have not taken this quiz